| 000 | 01327nam a22001697a 4500 | ||
|---|---|---|---|
| 008 | 200123b xxu||||| |||| 00| 0 eng d | ||
| 020 | _a9780414055681 | ||
| 050 | _aKD4879.C79(8e) | ||
| 100 | _aCraig, Paul. | ||
| 245 |
_aAdministrative law. / _cPaul Craig. |
||
| 250 | _a8th ed. | ||
| 260 |
_aLondon : _bSweet and Maxwell, _c2016. |
||
| 300 |
_acxxxii, 974 p. : _c24 cm. |
||
| 500 | _aIncludes index. | ||
| 505 | _aContents: The nature and purpose of administrative law -- The administrative system: a historical perspective -- Parliament and the executive -- Agencies and non-departmental public bodies -- Contract and service provision -- Local government -- Devolution --Information, standards and complaints -- Tribunals and inquiries -- European union -- A case study: competition and regulation -- Natural justice: hearings -- Natural justice: hearings, public interest immunity and closed procedure -- Natural justice: bias and independence -- Rule-making -- Error of law -- Error of fact -- Failure to exercise discretion -- Abuse of discretion -- Human rights act -- Rationality and proportionality -- Legitimate expectations -- Equality -- Invalidity -- Remedies: standing -- Judicial remedies -- Remedies and reform -- Remedies: exclusion of review -- Crown liability -- Tort and restitution. | ||
| 942 |
_2lcc _cBK |
||
| 999 |
_c6993 _d14493 |
||